Innovation-Driven Enterprises in Hungary: Empirical Results at First Sight
Problém pasce stredného príjmu v maďarskej ekonomike a možnosti, ako z neho uniknúť, vzhľadom na koniec obdobia extenzívneho rastu a potreby nového modelu rastu. Najmä inovatívne spoločnosti MSP zohrávajú v tejto transformácii kľúčovú úlohu, pretože sa môžu odlíšiť na trhu a dosiahnuť medzinárodný ú...
Uložené v:
| Hlavný autor: | |
|---|---|
| Ďalší autori: | |
| Médium: | Kapitola |
| Jazyk: | English |
| Predmet: | |
| Tagy: |
Žiadne tagy, Buďte prvý, kto otaguje tento záznam!
|
MARC
| LEADER | 00000naa a2200000 4500 | ||
|---|---|---|---|
| 001 | 0304796 | ||
| 005 | 20241024103832.6 | ||
| 041 | 0 | |a eng | |
| 044 | |a HU | ||
| 245 | 1 | 0 | |a Innovation-Driven Enterprises in Hungary: Empirical Results at First Sight |c Stefan Kovács, András Nemeslaki |
| 520 | |a Problém pasce stredného príjmu v maďarskej ekonomike a možnosti, ako z neho uniknúť, vzhľadom na koniec obdobia extenzívneho rastu a potreby nového modelu rastu. Najmä inovatívne spoločnosti MSP zohrávajú v tejto transformácii kľúčovú úlohu, pretože sa môžu odlíšiť na trhu a dosiahnuť medzinárodný úspech. Výskum analyzuje obchodné schopnosti, ktoré prispievajú k rastu podobnému gazele a konkurencieschopnosti na exportnom trhu. Skúmanie významu a charakteristík maďarských podnikov orientovaných na inovácie. Štúdia zdôrazňuje dôležitosť rozvoja finančných, technologických a ľudských zdrojov a potrebu vytvárať priaznivé trhové a regulačné prostredie. Podpora udržateľného hospodárskeho rastu v Maďarsku. | ||
| 610 | 2 | 0 | |a podnik malý |
| 610 | 2 | 0 | |a podnik stredný |
| 610 | 2 | 0 | |a inovácie technologické |
| 610 | 2 | 0 | |a konkurencieschopnosť |
| 610 | 2 | 0 | |a rast hospodársky |
| 610 | 2 | 0 | |a udržateľnosť |
| 610 | 2 | 0 | |a ekonomika |
| 610 | 2 | 0 | |a Maďarsko |
| 100 | 1 | |a Kovács, Stefan | |
| 700 | 1 | |a Nemeslaki, András | |